000 nam a22 a 4500
999 _c2281
_d2281
003 AKMAL
005 20170516085630.0
008 170516s1985 mau j 000 0 eng d
020 _a06692032856
040 _aAKMAL
082 0 4 _a421.54 WOO
_222
090 1 0 _a421.54
_bWOO
245 1 _aWorking words in spelling /
_cby G. Willard Woodruff, George N. Moore ; with Robert G. Forest, Richard A. Talbot, Ann R. Talbot; designed by Graphic Associates, illustrated by Will Winslow
260 _aLexington, Massachusetts :
_bD.C. Heath and Company
_c1985
300 _a176p:
_bill. ;
490 1 _aSpelling Skills Center : primary
650 1 0 _aEnglish language
_xOrthography and spelling
_vProblems, exercises, etc.
_94799
830 0 _aSpelling Skills Center : primary
_94800
942 _2ddc
_cBOOK